Normal view
MARC view
Entry Topical Term
001 - CONTROL NUMBER
- control field: 17094
003 - CONTROL NUMBER IDENTIFIER
- control field: VITAP
005 - DATE AND TIME OF LATEST TRANSACTION
- control field: 20260218125953.0
008 - FIXED-LENGTH DATA ELEMENTS
- fixed length control field: 260218|| aca||babn | a|a d
040 ## - CATALOGING SOURCE
- Original cataloging agency: VITAP
150 ## - HEADING--TOPICAL TERM
- Topical term or geographic name entry element: Mythological Origins, Religious Significance, Temple History, Architecture & Art, Rituals & Festivals, Pilgrimage Practices etc.